00590nam a2200169Ia 4500008004100000020001500041041001200056082001600068100001700084245005400101260004900155300000800204650001400212942000700226999001500233952017200248221030s9999 xx 000 0 und d a8122410073 aEnglish a105.23bBan aR. K. Bansal 2aA Text Book of Organic Chemistrycby R. K. Bansal bNew Age International Pub.aNew Delhic1997 a840 aChemistry cBK c8490d8490 pBE 7167g200.00l0o105.23 Banr2024-06-13 00:00:00w2022-10-30yBK003Print4070aMIETLIBbMIETLIBcBL-Academic Block C, FL-2, CUP-120, SH-3, R-3d2003-09-1510HBE